书目信息 |
| 题名: |
中国广告摄影年鉴
|
|
| 作者: | 陈永 主编 ;中国广告协会 编 | |
| 分册: | 2006-2007 | |
| 出版信息: | 北京 中国摄影出版社 2006 |
|
| 页数: | 1册 | |
| 开本: | 28cm | |
| 丛书名: | ||
| 单 册: | ||
| 中图分类: | J524.3-54 , J412.9-54 | |
| 科图分类: | ||
| 主题词: | 广告--摄影艺术--中国--2006~2007--年鉴 , 广告 , 摄影艺术 | |
| 电子资源: | ||
| ISBN: | 7-80007-127-8 | |
| 000 | 01024nam0 2200277 450 | |
| 001 | 003286295 | |
| 005 | 20070803112636.96 | |
| 010 | @a7-80007-127-8@b精装@dCNY398.00 | |
| 100 | @a20060105d2006 emky0chiy0110 ea | |
| 101 | 0 | @achi@eeng |
| 102 | @aCN@b110000 | |
| 105 | @aa igz 000yy | |
| 200 | 1 | @a中国广告摄影年鉴@9zhong guo guang gao she ying nian jian@h2006-2007@f陈永主编@g中国广告协会编 |
| 210 | @a北京@c中国摄影出版社@d2006 | |
| 215 | @a1册@d28cm | |
| 304 | @a英文共同题名:China advertising photography yearbook | |
| 330 | @a本年鉴采用国际广告摄影编排惯例,按摄影师姓氏编排,侧重展示“全国广告摄影优秀作品展暨全国十佳年度广告摄影师评选”的获奖作品,突出展示摄影师的创作个性和作品风格。 | |
| 606 | 0 | @a广告@x摄影艺术@y中国@z2006~2007@j年鉴 |
| 606 | 0 | @a广告 |
| 606 | 0 | @a摄影艺术 |
| 690 | @aJ524.3-54@v4 | |
| 690 | @aJ412.9-54@v4 | |
| 701 | 0 | @a陈永@9chen yong@c(编辑)@4主编 |
| 712 | 02 | @a中国广告协会@9zhong guo guang gao xie hui@4编 |
| 801 | 0 | @aCN@bNLC@c20070803 |
| 905 | @a10447@dJ412.9-54@e217 | |
| 中国广告摄影年鉴.2006-2007/陈永主编/中国广告协会编.-北京:中国摄影出版社,2006 |
| 1册;28cm |
| ISBN 7-80007-127-8(精装):CNY398.00 |
| 本年鉴采用国际广告摄影编排惯例,按摄影师姓氏编排,侧重展示“全国广告摄影优秀作品展暨全国十佳年度广告摄影师评选”的获奖作品,突出展示摄影师的创作个性和作品风格。 |
| ● |
| 相关链接 |
|
|
|
|
正题名:中国广告摄影年鉴
索取号:J412.9-54/217
 
预约/预借
| 序号 | 登录号 | 条形码 | 馆藏地/架位号 | 状态 | 备注 |
| 1 | 0801633 | 208016332 | 第一样本阅览室/ [索取号:J412.9-54/217] | 在馆 | |
| 2 | 0801634 | 208016341 | 第一借阅区/ [索取号:J412.9-54/217] | 在馆 | |
| 3 | 0801635 | 208016350 | 密集书库-美术系/ [索取号:J412.9-54/217] | 在馆 |